[Event "26th Klatovy A 2018"]
[Site "Klatovy CZE"]
[Date "2018.07.01"]
[Round "2.35"]
[White "Richter, Martin1"]
[Black "Danek, Vaclav"]
[Result "1-0"]
[WhiteElo "2009"]
[BlackElo "1885"]
[PlyCount "57"]
[EventDate "2018.06.30"]
[EventType "swiss"]
[EventRounds "9"]
[EventCountry "CZE"]

1. e4 e5 2. Nf3 Nc6 3. d4 exd4 4. Nxd4 Bc5 5. Be3 Qf6 6. c3 Nge7 7. Bc4 d6 8. O-O Qg6 9. Nb5 Bh3 10. Qf3 Bg4 11. Bxf7+ Qxf7 12. Qxg4 O-O 13. Bxc5 dxc5 14. Nxc7 Rad8 15. Ne6 Ne5 16. Nxd8 Rxd8 17. Qe2 Qf4 18. g3 Qh6 19. f4 Nf7 20. Nd2 g5 21. Rad1 gxf4 22. Rxf4 Ng6 23. Rff1 Ng5 24. Nf3 Re8 25. Nxg5 Qxg5 26. Qd2 Qxd2 27. Rxd2 Ne5 28. Rd5 b6 29. b3 1-0

[Event "26th Klatovy A 2018"]
[Site "Klatovy CZE"]
[Date "2018.07.01"]
[Round "2.36"]
[White "Kubat, Martin"]
[Black "Nagy, Ladislav1"]
[Result "1/2-1/2"]
[WhiteElo "1881"]
[BlackElo "1996"]
[PlyCount "161"]
[EventDate "2018.06.30"]
[EventType "swiss"]
[EventRounds "9"]
[EventCountry "CZE"]

1. e4 c5 2. Nf3 e6 3. d4 cxd4 4. Nxd4 a6 5. Nc3 Qc7 6. Bd3 b5 7. a3 Bb7 8. Qe2 Nc6 9. Nb3 Nf6 10. Be3 Be7 11. Rd1 Rc8 12. O-O O-O 13. Rfe1 Ne5 14. f3 Rfd8 15. Qf2 Qb8 16. Bb6 Re8 17. Ba7 Qa8 18. Bf1 d6 19. Bd4 Nfd7 20. Na5 Ng6 21. Na2 Nde5 22. Nxb7 Qxb7 23. c3 Nc6 24. Be3 Nge5 25. Nb4 Nc4 26. Nxc6 Qxc6 27. Kh1 Red8 28. Bd4 Rd7 29. Qc2 Bf8 30. Bd3 g6 31. h3 Bg7 32. Bxg7 Kxg7 33. Qf2 Qc5 34. Qe2 Rcd8 35. Kh2 Kg8 36. Bxc4 bxc4 37. Rd4 Rc8 38. Red1 Rc6 39. R1d2 h6 40. Qd1 Kh7 41. Qa4 Rb7 42. Qd1 a5 43. Qe2 Rb3 44. Kh1 Rb8 45. Qd1 h5 46. Qe1 Qg5 47. Qe2 Rbb6 48. Qf2 f5 49. exf5 Qxf5 50. Qe3 d5 51. Kh2 Qf7 52. Qe5 Qc7 53. Qxc7+ Rxc7 54. Re2 Kg7 55. Kg3 Rcb7 56. Rdd2 Kf6 57. f4 Re7 58. Kf3 Rbb7 59. g4 hxg4+ 60. hxg4 Rh7 61. g5+ Kf7 62. Rh2 Rxh2 63. Rxh2 Kg7 64. Ke3 Rf7 65. Rf2 Kf8 66. Rh2 Kg8 67. Rf2 Rh7 68. Kd4 Kf7 69. Kc5 Ke7 70. Kb6 Kd6 71. Kxa5 Kc6 72. a4 Kc5 73. Ka6 Kc6 74. Re2 Re7 75. Rh2 Re8 76. Ka7 Re7+ 77. Ka6 Re8 78. Rh7 Rb8 79. Re7 Ra8+ 80. Ra7 Rb8 81. Re7 1/2-1/2

[Event "26th Klatovy A 2018"]
[Site "Klatovy CZE"]
[Date "2018.07.01"]
[Round "2.37"]
[White "Brunova, Blanka"]
[Black "Flajsman, Pavel"]
[Result "1/2-1/2"]
[WhiteElo "1994"]
[BlackElo "1828"]
[PlyCount "37"]
[EventDate "2018.06.30"]
[EventType "swiss"]
[EventRounds "9"]
[EventCountry "CZE"]

1. e4 c6 2. Nc3 d5 3. Nf3 Bg4 4. h3 Bxf3 5. Qxf3 e6 6. d4 Nf6 7. Bd3 dxe4 8. Nxe4 Nxe4 9. Qxe4 Nd7 10. c3 Nf6 11. Qe2 Be7 12. Bf4 Nd5 13. Be5 Bf6 14. O-O Bxe5 15. Qxe5 Qf6 16. Qg3 Nf4 17. Rad1 O-O 18. Rfe1 Nxd3 19. Rxd3 1/2-1/2

[Event "26th Klatovy A 2018"]
[Site "Klatovy CZE"]
[Date "2018.07.01"]
[Round "2.38"]
[White "Vilimova, Julie"]
[Black "Kubat, Miroslav"]
[Result "1/2-1/2"]
[WhiteElo "1826"]
[BlackElo "1993"]
[PlyCount "53"]
[EventDate "2018.06.30"]
[EventType "swiss"]
[EventRounds "9"]
[EventCountry "CZE"]

1. d4 f5 2. e4 fxe4 3. Nc3 Nf6 4. Bg5 d6 5. Bxf6 exf6 6. Nxe4 d5 7. Ng3 Bd6 8. Bd3 Be6 9. Nf5 O-O 10. Nxd6 Qxd6 11. Qh5 f5 12. c3 Nd7 13. Ne2 Rae8 14. f3 c5 15. Qh4 c4 16. Bc2 b5 17. O-O Rf6 18. Qf4 Qb6 19. Ng3 Ref8 20. Rae1 h6 21. Nh5 R6f7 22. Qe3 Re8 23. Nf4 Rfe7 24. Ng6 Rf7 25. Nf4 Rfe7 26. Ng6 Rf7 27. Nf4 1/2-1/2

[Event "26th Klatovy A 2018"]
[Site "Klatovy CZE"]
[Date "2018.07.01"]
[Round "2.39"]
[White "Hlavac, Rudolf"]
[Black "Lhotsky, Zdenek"]
[Result "1/2-1/2"]
[WhiteElo "1987"]
[BlackElo "1825"]
[PlyCount "133"]
[EventDate "2018.06.30"]
[EventType "swiss"]
[EventRounds "9"]
[EventCountry "CZE"]

1. e4 c5 2. Nf3 d6 3. d4 Nf6 4. Nc3 cxd4 5. Qxd4 a6 6. Bg5 Nc6 7. Qd2 e6 8. O-O-O Be7 9. Bf4 O-O 10. Bxd6 Bxd6 11. Qxd6 Qa5 12. Bc4 Rd8 13. Qf4 Rxd1+ 14. Rxd1 b5 15. Bb3 b4 16. e5 Nd7 17. Qe4 Qc7 18. Na4 Bb7 19. Ng5 Nf8 20. Nc5 h6 21. Nxb7 Qxb7 22. Nh3 Qb5 23. f4 Rc8 24. Nf2 a5 25. Qd3 Qb6 26. Ne4 Rd8 27. Nd6 Qf2 28. Qd2 Qc5 29. Ba4 Rb8 30. g3 Ng6 31. Kb1 Nge7 32. Ne4 Qb6 33. Qf2 Rd8 34. Rxd8+ Qxd8 35. Qd2 Qb6 36. c3 bxc3 37. Nxc3 Nb4 38. a3 Nbd5 39. Nxd5 Nxd5 40. Ka2 Qd8 41. Qd1 Qb6 42. Bb3 Ne3 43. Qf3 g6 44. g4 Kg7 45. h3 Qd4 46. Qb7 Nc4 47. Bxc4 Qxc4+ 48. Qb3 Qxf4 49. Qc3 a4 50. Qb4 Qxe5 51. Qxa4 Qd5+ 52. Qb3 f5 53. Qxd5 exd5 54. a4 f4 55. a5 f3 56. a6 f2 57. a7 f1=Q 58. a8=Q Qc4+ 59. b3 Qc2+ 60. Ka3 Qc5+ 61. Ka4 d4 62. Qd8 Kf7 63. h4 Qc6+ 64. Ka5 Qc5+ 65. Ka4 Qc6+ 66. Ka5 Qc5+ 67. Ka4 1/2-1/2

[Event "26th Klatovy A 2018"]
[Site "Klatovy CZE"]
[Date "2018.07.01"]
[Round "2.40"]
[White "Svanda, Adam"]
[Black "Bartonicek, Zdenek"]
[Result "1-0"]
[WhiteElo "1814"]
[BlackElo "1987"]
[PlyCount "149"]
[EventDate "2018.06.30"]
[EventType "swiss"]
[EventRounds "9"]
[EventCountry "CZE"]

1. c4 Nf6 2. Nc3 g6 3. g3 Bg7 4. Bg2 O-O 5. Nf3 c5 6. d4 cxd4 7. Nxd4 Nc6 8. O-O Qb6 9. e3 Qc5 10. Nxc6 dxc6 11. Qd4 Qh5 12. h4 Be6 13. Na4 Nd7 14. Qd1 Qxd1 15. Rxd1 Nb6 16. Nc5 Rfd8 17. Re1 Bc8 18. Rb1 Nxc4 19. b3 Nd6 20. a4 Rb8 21. a5 Bc3 22. Rd1 Bxa5 23. b4 Bb6 24. e4 Bg4 25. f3 Be6 26. Kh2 Bxc5 27. bxc5 Nb5 28. Bf4 Rbc8 29. Bf1 a6 30. Kg2 Kf8 31. Kf2 Ke8 32. Bg2 Rxd1 33. Rxd1 Rd8 34. Rb1 Rd3 35. Rc1 Rc3 36. g4 Rxc1 37. Bxc1 Bc4 38. Bb2 a5 39. g5 a4 40. Bh3 e6 41. Ke3 a3 42. Ba1 a2 43. Kd2 Kd7 44. Kc1 Kc8 45. Be5 b6 46. cxb6 Kb7 47. Kb2 Kxb6 48. Bg4 Kc5 49. f4 Bd3 50. Kxa2 Bxe4 51. Kb3 Kd5 52. h5 c5 53. hxg6 hxg6 54. Bd1 c4+ 55. Kb4 Nd4 56. Kc3 Nc6 57. Bf6 e5 58. fxe5 Nxe5 59. Be2 Bf5 60. Bf1 Be6 61. Bg2+ Kd6 62. Bf1 Ng4 63. Bg7 Nf2 64. Kd4 c3 65. Be5+ Kc6 66. Bg2+ Kb5 67. Kxc3 Kc5 68. Bd4+ Kd6 69. Bxf2 Ke5 70. Bd4+ Kf4 71. Bf6 Ke3 72. Bc6 Kf4 73. Kd4 Bb3 74. Bd5 Bc2 75. Bxf7 1-0

[Event "26th Klatovy A 2018"]
[Site "Klatovy CZE"]
[Date "2018.07.01"]
[Round "2.41"]
[White "Skopec, Lubos"]
[Black "Pavlicek, Lukas"]
[Result "1/2-1/2"]
[WhiteElo "1981"]
[BlackElo "1819"]
[PlyCount "74"]
[EventDate "2018.06.30"]
[EventType "swiss"]
[EventRounds "9"]
[EventCountry "CZE"]

1. e4 c5 2. c3 d5 3. exd5 Qxd5 4. d4 Nf6 5. Nf3 Bg4 6. Be2 e6 7. O-O Nc6 8. Be3 cxd4 9. cxd4 Be7 10. Nc3 Qd6 11. Qb3 O-O 12. Rfd1 Rfd8 13. Rac1 Rac8 14. Rd2 Qb4 15. Qd1 Qd6 16. h3 Bh5 17. Ng5 Bxe2 18. Qxe2 Nb4 19. Qf3 Qc6 20. a3 Qxf3 21. Nxf3 Nbd5 22. Rdc2 Nxc3 23. Rxc3 Rxc3 24. Rxc3 Nd5 25. Rc2 Kf8 26. Kf1 Ke8 27. Ke2 Bd6 28. Nd2 Kd7 29. Ne4 Be7 30. Nc3 Rc8 31. Kd3 Nxc3 32. Rxc3 Rxc3+ 33. Kxc3 a6 34. Kd3 Kc6 35. a4 Kd5 36. g4 h6 37. f3 Bf6 1/2-1/2

[Event "26th Klatovy A 2018"]
[Site "Klatovy CZE"]
[Date "2018.07.01"]
[Round "2.42"]
[White "Kantor, Jozef"]
[Black "Neuendorf, Max"]
[Result "0-1"]
[WhiteElo "1813"]
[BlackElo "1981"]
[PlyCount "82"]
[EventDate "2018.06.30"]
[EventType "swiss"]
[EventRounds "9"]
[EventCountry "CZE"]

1. e4 c5 2. Nf3 Nc6 3. d4 cxd4 4. Nxd4 e5 5. Nb5 d6 6. N1c3 a6 7. Na3 Be7 8. Be3 Nf6 9. Nd5 Nxd5 10. exd5 Nb8 11. Nc4 Nd7 12. Qg4 Nf6 13. Qg3 O-O 14. Nb6 Rb8 15. Bd3 Ne8 16. Nc4 b5 17. Nd2 f5 18. Ba7 Rb7 19. Bd4 exd4 20. O-O Nf6 21. Qf3 Ng4 22. Rfe1 Ne5 23. Qe2 Nxd3 24. Qxd3 Bf6 25. Qa3 Re7 26. Red1 Qb6 27. Nb3 Re2 28. Qb4 d3 29. Qf4 dxc2 30. Rd3 Bxb2 31. Rf1 Rfe8 32. Rh3 Qc7 33. Qh4 g6 34. Qh6 c1=Q 35. Nxc1 Bxc1 36. Qh4 Re1 37. g4 Rxf1+ 38. Kxf1 Qc4+ 39. Kg1 Re1+ 40. Kg2 Qe4+ 41. f3 Qe2+ 0-1

[Event "26th Klatovy A 2018"]
[Site "Klatovy CZE"]
[Date "2018.07.01"]
[Round "2.43"]
[White "Odehnal, Jaroslav"]
[Black "Kaspar, Lukas"]
[Result "0-1"]
[WhiteElo "1974"]
[BlackElo "1799"]
[PlyCount "52"]
[EventDate "2018.06.30"]
[EventType "swiss"]
[EventRounds "9"]
[EventCountry "CZE"]

1. d4 Nf6 2. c4 g6 3. Nc3 d5 4. cxd5 Nxd5 5. e4 Nxc3 6. bxc3 Bg7 7. Nf3 O-O 8. Qb3 c5 9. d5 Re8 10. Bb5 Nd7 11. O-O a6 12. Bxd7 Bxd7 13. Be3 Bb5 14. c4 Bxa1 15. Rxa1 Bd7 16. e5 Qc7 17. Re1 Bg4 18. Bh6 Bxf3 19. Qxf3 b5 20. d6 Qd7 21. g3 Qe6 22. cxb5 axb5 23. Qc6 exd6 24. Qxb5 Qxa2 25. Qc6 Qe6 26. Re3 Qh3 0-1

[Event "26th Klatovy A 2018"]
[Site "Klatovy CZE"]
[Date "2018.07.01"]
[Round "2.44"]
[White "Nechutny, Michal"]
[Black "Cekan, Petr1"]
[Result "0-1"]
[WhiteElo "1746"]
[BlackElo "1966"]
[PlyCount "86"]
[EventDate "2018.06.30"]
[EventType "swiss"]
[EventRounds "9"]
[EventCountry "CZE"]

1. e4 b6 2. d4 Bb7 3. Nc3 e6 4. Bd3 Bb4 5. Nf3 Nf6 6. Qe2 d5 7. e5 Ne4 8. Bd2 Bxc3 9. Bxc3 Nxc3 10. bxc3 O-O 11. O-O Nd7 12. Ba6 Bxa6 13. Qxa6 Qc8 14. Qd3 h6 15. c4 c6 16. cxd5 cxd5 17. Rfc1 Rd8 18. Qb3 Qc6 19. c4 Rac8 20. Nd2 dxc4 21. Rxc4 Qb7 22. Rac1 Rxc4 23. Nxc4 Rc8 24. Rc2 Qd5 25. Ne3 Rxc2 26. Nxc2 Qxb3 27. axb3 a5 28. b4 axb4 29. Nxb4 Kf8 30. Kf1 g5 31. g3 b5 32. h3 Nb6 33. Ke2 Ke7 34. f4 f5 35. h4 gxf4 36. gxf4 Kd7 37. Kd3 Nc4 38. d5 exd5 39. Nxd5 Na5 40. Nf6+ Ke6 41. Ng8 Nc6 42. Nxh6 Nxe5+ 43. fxe5 Kxe5 0-1

[Event "26th Klatovy A 2018"]
[Site "Klatovy CZE"]
[Date "2018.07.01"]
[Round "2.45"]
[White "Smid, Pavel"]
[Black "Vartazaryan, Gor"]
[Result "1-0"]
[WhiteElo "1964"]
[BlackElo "1775"]
[PlyCount "83"]
[EventDate "2018.06.30"]
[EventType "swiss"]
[EventRounds "9"]
[EventCountry "CZE"]

1. e4 c5 2. Nf3 d6 3. Bb5+ Nd7 4. O-O Ngf6 5. Re1 e6 6. c3 a6 7. Bf1 Be7 8. d4 cxd4 9. cxd4 O-O 10. a4 Re8 11. Nc3 Nf8 12. h3 Ng6 13. Be3 e5 14. d5 h6 15. a5 Nh7 16. Na4 f5 17. Bb6 Qd7 18. exf5 Qxf5 19. Bd3 Qf7 20. Qc2 Nhf8 21. Bc7 Nf4 22. Nb6 Nxh3+ 23. Kf1 Qh5 24. Nxa8 Nf4 25. Ng1 Qh2 26. f3 Bd7 27. Bc4 Rxa8 28. Rxe5 Nxg2 29. Qe2 dxe5 30. d6+ Kh8 31. dxe7 Ne6 32. Bxe5 Nef4 33. Bxf4 Qxf4 34. Kxg2 Rc8 35. b3 Re8 36. Re1 Qg5+ 37. Kf1 Qxa5 38. Bf7 Bb5 39. Bxe8 Bxe2+ 40. Rxe2 Qa1+ 41. Kg2 Qf6 42. Bh5 1-0

[Event "26th Klatovy A 2018"]
[Site "Klatovy CZE"]
[Date "2018.07.01"]
[Round "2.46"]
[White "Ondrejat, Miroslav"]
[Black "Lhotska, Anna"]
[Result "1-0"]
[WhiteElo "1948"]
[BlackElo "1689"]
[PlyCount "109"]
[EventDate "2018.06.30"]
[EventType "swiss"]
[EventRounds "9"]
[EventCountry "CZE"]

1. Nf3 Nf6 2. d4 e6 3. Bg5 b6 4. e3 Bb7 5. Nbd2 Be7 6. Bd3 O-O 7. Qe2 c5 8. O-O d5 9. c3 Nbd7 10. Ne5 Ne4 11. Bxe7 Qxe7 12. Nxd7 Qxd7 13. f3 Nf6 14. f4 Qc7 15. Rf3 Ne4 16. Raf1 f5 17. Rh3 Qf7 18. Nf3 Nf6 19. Ne5 Qe7 20. Kh1 Rac8 21. Rg1 Nd7 22. Qh5 g6 23. Nxg6 hxg6 24. Qh8+ Kf7 25. Rh7+ Ke8 26. Rxe7+ Kxe7 27. Qh7+ Rf7 28. Qxg6 Nf6 29. Qg3 Rg8 30. Qe1 Rh7 31. g3 Ng4 32. h4 Rhg7 33. Kg2 Nf6 34. Kh3 Bc6 35. Be2 Be8 36. Bf3 Bh5 37. Bxh5 Nxh5 38. dxc5 bxc5 39. b4 cxb4 40. cxb4 d4 41. exd4 Nxf4+ 42. Kh2 Nd5 43. Rf1 Kd7 44. b5 Rg4 45. Qa5 Rxg3 46. Qxa7+ Kd6 47. Rc1 Nc3 48. Qc5+ Kd7 49. Rxc3 Rxc3 50. Qxc3 Rb8 51. Qc6+ Kd8 52. Qd6+ Kc8 53. Qxe6+ Kc7 54. Qe5+ Kc8 55. Qxb8+ 1-0

[Event "26th Klatovy A 2018"]
[Site "Klatovy CZE"]
[Date "2018.07.02"]
[Round "3.7"]
[White "Krzyzanowski, Marcin"]
[Black "Simet, Martin"]
[Result "1-0"]
[WhiteElo "2473"]
[BlackElo "2182"]
[PlyCount "59"]
[EventDate "2018.06.30"]
[EventType "swiss"]
[EventRounds "9"]
[EventCountry "CZE"]

1. d4 Nf6 2. Nc3 d6 3. e4 e5 4. Nge2 c6 5. g3 b5 6. a3 Bb7 7. Bg2 Nbd7 8. O-O Be7 9. h3 a5 10. Be3 Nb6 11. b3 Qc7 12. g4 Nfd7 13. Ng3 g6 14. d5 b4 15. axb4 axb4 16. dxc6 Bxc6 17. Na2 Bb5 18. Re1 O-O 19. Nxb4 Rxa1 20. Qxa1 Ra8 21. Qd1 Qc3 22. Qd2 Qxd2 23. Bxd2 Nc5 24. Ne2 Bxe2 25. Rxe2 Ne6 26. Re1 Rc8 27. Ra1 Nd4 28. Ra6 Nd7 29. Ra7 Rd8 30. c3 1-0

[Event "26th Klatovy A 2018"]
[Site "Klatovy CZE"]
[Date "2018.07.02"]
[Round "3.11"]
[White "Bartos, Jan"]
[Black "Slovak, Kilian"]
[Result "1-0"]
[WhiteElo "2153"]
[BlackElo "2285"]
[PlyCount "95"]
[EventDate "2018.06.30"]
[EventType "swiss"]
[EventRounds "9"]
[EventCountry "CZE"]

1. d4 Nf6 2. Nf3 g6 3. c4 Bg7 4. Nc3 O-O 5. g3 d6 6. Bg2 Nc6 7. O-O Bf5 8. d5 Na5 9. Nd2 c5 10. e4 Bg4 11. Qc2 a6 12. b3 b5 13. Bb2 Rb8 14. Rab1 e5 15. Nd1 Nh5 16. Ne3 Bd7 17. Bc3 Bh6 18. Rbe1 f5 19. exf5 gxf5 20. Bh3 b4 21. Bb2 Qc8 22. Qd1 Qe8 23. f4 Qg6 24. Kh1 Bg7 25. fxe5 dxe5 26. Bxf5 Nxg3+ 27. hxg3 Bxf5 28. Nxf5 Rxf5 29. Rxf5 Qxf5 30. Kg2 Nb7 31. Ne4 Rf8 32. Qe2 Qg6 33. Rf1 Rd8 34. Bc1 Rf8 35. Rxf8+ Bxf8 36. Qf3 Be7 37. Be3 Kg7 38. g4 a5 39. Qf5 h5 40. Qxg6+ Kxg6 41. gxh5+ Kxh5 42. Kf3 Kg6 43. Kg4 Bf8 44. Bf2 Be7 45. Bg3 Bf6 46. d6 Bg7 47. Bh4 Kf7 48. d7 1-0

[Event "26th Klatovy A 2018"]
[Site "Klatovy CZE"]
[Date "2018.07.02"]
[Round "3.12"]
[White "Jurek, Josef"]
[Black "Palek, Miroslav"]
[Result "1/2-1/2"]
[WhiteElo "2277"]
[BlackElo "2153"]
[PlyCount "29"]
[EventDate "2018.06.30"]
[EventType "swiss"]
[EventRounds "9"]
[EventCountry "CZE"]

1. Nf3 g6 2. d4 Bg7 3. c4 c5 4. d5 d6 5. e4 e6 6. Nc3 exd5 7. cxd5 a6 8. a4 Bg4 9. Qb3 Bxf3 10. Qxb7 Bxg2 11. Bxg2 Nd7 12. O-O Ne7 13. Bg5 Qb8 14. Qxb8+ Rxb8 15. Ra2 1/2-1/2

[Event "26th Klatovy A 2018"]
[Site "Klatovy CZE"]
[Date "2018.07.02"]
[Round "3.13"]
[White "Parizek, Vojtech"]
[Black "Hlozek, David"]
[Result "1/2-1/2"]
[WhiteElo "2242"]
[BlackElo "1852"]
[PlyCount "98"]
[EventDate "2018.06.30"]
[EventType "swiss"]
[EventRounds "9"]
[EventCountry "CZE"]

1. e4 c5 2. Nf3 d6 3. d4 cxd4 4. Nxd4 Nf6 5. Nc3 a6 6. Bg5 Nbd7 7. Qe2 h6 8. Bh4 g6 9. f4 e5 10. fxe5 dxe5 11. O-O-O Be7 12. Nf3 Qc7 13. Qc4 Qxc4 14. Bxc4 O-O 15. Bg3 b5 16. Bb3 Bb7 17. Bxe5 Nxe5 18. Nxe5 Nxe4 19. Nxe4 Bxe4 20. Rhe1 Bg5+ 21. Kb1 Bxg2 22. Rd7 Rad8 23. Bxf7+ Kg7 24. Ra7 Kf6 25. Rxa6+ Kf5 26. Be6+ Kf4 27. Nxg6+ Kf3 28. Nxf8 Kf2 29. Nd7 Kxe1 30. a4 bxa4 31. Rxa4 Be3 32. Ne5 Re8 33. Ra3 Bg5 34. Nd3+ Kd2 35. Ra6 Be4 36. Rd6 Ke3 37. Bg4 Rf8 38. Re6 Rf1+ 39. Ka2 Kd4 40. Ka3 Ra1+ 41. Kb4 Bd5 42. Re2 Ra8 43. Bd7 Rb8+ 44. Ka3 Rb7 45. Ba4 Be7+ 46. b4 Bc4 47. Rg2 Bxd3 48. Rg4+ Kc3 49. cxd3 Rxb4 1/2-1/2

[Event "26th Klatovy A 2018"]
[Site "Klatovy CZE"]
[Date "2018.07.02"]
[Round "3.14"]
[White "Brejnik, Gustav"]
[Black "Kopta, Pavel"]
[Result "0-1"]
[WhiteElo "2120"]
[BlackElo "2210"]
[PlyCount "56"]
[EventDate "2018.06.30"]
[EventType "swiss"]
[EventRounds "9"]
[EventCountry "CZE"]

1. d4 Nf6 2. c4 e6 3. g3 c5 4. d5 exd5 5. cxd5 d6 6. Nc3 g6 7. Nf3 Bg7 8. Bg2 O-O 9. O-O a6 10. a4 Nbd7 11. e4 Re8 12. Nd2 Ne5 13. f4 Nd3 14. Nc4 Nxc1 15. Rxc1 b5 16. axb5 axb5 17. Nxb5 Nxe4 18. Bxe4 Rxe4 19. Ncxd6 Rd4 20. Qf3 Ba6 21. Rxc5 Bxb5 22. Nxb5 Qb6 23. Rfc1 Rb4 24. d6 Ra1 25. Kg2 Rxc1 26. Rxc1 Qxb5 27. Qa8+ Bf8 28. Rc2 Qd3 0-1

[Event "26th Klatovy A 2018"]
[Site "Klatovy CZE"]
[Date "2018.07.02"]
[Round "3.16"]
[White "Soural, Jan"]
[Black "Routner, Jakub"]
[Result "1-0"]
[WhiteElo "2192"]
[BlackElo "2096"]
[PlyCount "97"]
[EventDate "2018.06.30"]
[EventType "swiss"]
[EventRounds "9"]
[EventCountry "CZE"]

1. d4 Nf6 2. c4 e6 3. g3 Be7 4. Bg2 d5 5. Nf3 O-O 6. O-O dxc4 7. Qc2 c6 8. Qxc4 b5 9. Qc2 Bb7 10. Bg5 h6 11. Bxf6 Bxf6 12. Nc3 Qb6 13. Ne4 Be7 14. Nc5 Bxc5 15. dxc5 Qc7 16. Rfd1 Na6 17. Rd6 Rfd8 18. Rad1 Rxd6 19. Rxd6 Qa5 20. Ne5 Qe1+ 21. Bf1 Qb4 22. Nd7 Re8 23. e3 Qa5 24. Ne5 Nb8 25. Qd2 Qxd2 26. Rxd2 Kf8 27. Bg2 f6 28. Nd7+ Ke7 29. Nxb8 Rxb8 30. Rd6 Rc8 31. b4 Rc7 32. f4 Rd7 33. Bxc6 Bxc6 34. Rxc6 Rd1+ 35. Kf2 Rd2+ 36. Kf3 Rxa2 37. Rc7+ Kd8 38. Rxg7 Ra4 39. c6 Rxb4 40. Rxa7 f5 41. g4 Rb1 42. g5 hxg5 43. fxg5 Rg1 44. h4 Rg4 45. h5 b4 46. g6 b3 47. Rb7 Rg5 48. g7 b2 49. h6 1-0

[Event "26th Klatovy A 2018"]
[Site "Klatovy CZE"]
[Date "2018.07.02"]
[Round "3.17"]
[White "Jelinek, Michal"]
[Black "Kusa, Jakub"]
[Result "1-0"]
[WhiteElo "2204"]
[BlackElo "2046"]
[PlyCount "85"]
[EventDate "2018.06.30"]
[EventType "swiss"]
[EventRounds "9"]
[EventCountry "CZE"]

1. d4 Nf6 2. c4 e6 3. Nf3 d5 4. Nc3 Be7 5. cxd5 exd5 6. Bf4 c6 7. e3 Bf5 8. Qb3 Qb6 9. Qxb6 axb6 10. h3 Nbd7 11. Be2 O-O 12. g4 Bg6 13. Ne5 Nxe5 14. Bxe5 Ne4 15. Nxe4 Bxe4 16. f3 Bg6 17. h4 f6 18. Bc7 b5 19. h5 Bf7 20. Bd3 Ra6 21. Kd2 Rc8 22. Bg3 Rca8 23. a3 R6a7 24. Raf1 b4 25. axb4 Bxb4+ 26. Kc2 Ra2 27. Be1 Bd6 28. f4 c5 29. g5 Be8 30. Bc3 Ba4+ 31. Kd2 c4 32. Bb1 Bb3 33. Bxa2 Bxa2 34. gxf6 b5 35. Rhg1 b4 36. Rxg7+ Kh8 37. Rfg1 bxc3+ 38. Kxc3 h6 39. R1g6 Bb4+ 40. Kxb4 Rb8+ 41. Kc5 Rc8+ 42. Kd6 Rd8+ 43. Ke7 1-0

[Event "26th Klatovy A 2018"]
[Site "Klatovy CZE"]
[Date "2018.07.02"]
[Round "3.18"]
[White "Molkanov, Oleg 2001"]
[Black "Vedral, Oldrich"]
[Result "1-0"]
[WhiteElo "2051"]
[BlackElo "2203"]
[PlyCount "85"]
[EventDate "2018.06.30"]
[EventType "swiss"]
[EventRounds "9"]
[EventCountry "CZE"]

1. d4 Nf6 2. Nf3 g6 3. c4 Bg7 4. Nc3 O-O 5. e4 d6 6. Be2 e5 7. d5 Nbd7 8. Be3 a5 9. Nd2 Ne8 10. O-O f5 11. exf5 gxf5 12. f4 Nef6 13. Qc2 Ng4 14. Bxg4 fxg4 15. f5 Nf6 16. Bg5 Qe8 17. Nb5 Qh5 18. Nxc7 Qxg5 19. Nxa8 g3 20. Qd3 gxh2+ 21. Kh1 Nh5 22. Ne4 Qd8 23. g4 Nf4 24. Qe3 h5 25. Nb6 hxg4 26. Nxc8 Qxc8 27. Nxd6 Qd8 28. Rxf4 exf4 29. Qe6+ Kh8 30. Nf7+ Rxf7 31. Qxf7 g3 32. Qh5+ Kg8 33. Re1 Qb6 34. Re8+ Bf8 35. c5 Qxb2 36. Qg6+ Qg7 37. Qxg7+ Kxg7 38. Rxf8 Kxf8 39. c6 b6 40. d6 Ke8 41. c7 Kd7 42. f6 f3 43. f7 1-0

[Event "26th Klatovy A 2018"]
[Site "Klatovy CZE"]
[Date "2018.07.02"]
[Round "3.19"]
[White "Furman, Boris"]
[Black "Svanda, Ondrej"]
[Result "1/2-1/2"]
[WhiteElo "2203"]
[BlackElo "2043"]
[PlyCount "58"]
[EventDate "2018.06.30"]
[EventType "swiss"]
[EventRounds "9"]
[EventCountry "CZE"]

1. d4 Nf6 2. c4 e6 3. Nc3 Bb4 4. Nf3 c5 5. g3 Ne4 6. Qd3 cxd4 7. Nxd4 Qa5 8. Nb3 Nxc3 9. Bd2 Ne4 10. Qxe4 Bxd2+ 11. Nxd2 O-O 12. Bg2 Nc6 13. Qe3 d5 14. O-O d4 15. Qd3 Rd8 16. a3 Ne5 17. Qc2 Qc7 18. b4 Bd7 19. Rac1 Rac8 20. Rfd1 Bc6 21. Ne4 f5 22. Nc5 Bxg2 23. Nxe6 Be4 24. Qb2 Qd6 25. Nxd8 Rxd8 26. f3 Bc6 27. b5 Be8 28. Qb4 Qh6 29. Qd2 Qd6 1/2-1/2

[Event "26th Klatovy A 2018"]
[Site "Klatovy CZE"]
[Date "2018.07.02"]
[Round "3.20"]
[White "Stolc, Martin"]
[Black "Hadraba, Vladimir"]
[Result "1/2-1/2"]
[WhiteElo "2043"]
[BlackElo "2192"]
[PlyCount "45"]
[EventDate "2018.06.30"]
[EventType "swiss"]
[EventRounds "9"]
[EventCountry "CZE"]

1. e4 c5 2. f4 e6 3. Nf3 Nc6 4. Bb5 Nge7 5. O-O a6 6. Bxc6 Nxc6 7. c4 d5 8. d3 Be7 9. Nc3 d4 10. Ne2 f5 11. Ng3 O-O 12. Bd2 Bd7 13. Qe2 Qc7 14. Rae1 Rae8 15. a3 h6 16. Nh1 Bd6 17. e5 Be7 18. Nf2 Nd8 19. b4 b6 20. Rb1 Bc6 21. Rb2 Nf7 22. Nh3 Rb8 23. Rfb1 1/2-1/2

[Event "26th Klatovy A 2018"]
[Site "Klatovy CZE"]
[Date "2018.07.02"]
[Round "3.21"]
[White "Simunek, Filip"]
[Black "Richter, Martin1"]
[Result "1-0"]
[WhiteElo "2184"]
[BlackElo "2009"]
[PlyCount "21"]
[EventDate "2018.06.30"]
[EventType "swiss"]
[EventRounds "9"]
[EventCountry "CZE"]

1. d4 d5 2. c4 c6 3. Nc3 Nf6 4. cxd5 cxd5 5. Bf4 Bf5 6. Qb3 Nc6 7. Qxb7 Nxd4 8. O-O-O Ne6 9. e4 Qc8 10. Bb5+ Kd8 11. Rxd5+ 1-0

[Event "26th Klatovy A 2018"]
[Site "Klatovy CZE"]
[Date "2018.07.02"]
[Round "3.22"]
[White "Neuendorf, Max"]
[Black "Eret, Matous"]
[Result "1/2-1/2"]
[WhiteElo "1981"]
[BlackElo "2184"]
[PlyCount "102"]
[EventDate "2018.06.30"]
[EventType "swiss"]
[EventRounds "9"]
[EventCountry "CZE"]

1. e4 d6 2. d4 Nf6 3. Nc3 e5 4. Nf3 Nbd7 5. Bc4 Be7 6. O-O O-O 7. h3 c6 8. a4 b6 9. d5 c5 10. a5 bxa5 11. Qe2 Nb6 12. Nd2 Rb8 13. Rxa5 Nbxd5 14. Nxd5 Nxd5 15. Rxa7 Qb6 16. Ra3 Nf4 17. Qf3 Kh8 18. Bd3 Ng6 19. Nc4 Qc7 20. Bd2 Be6 21. b3 Ra8 22. Rxa8 Rxa8 23. Qe2 Rg8 24. Ra1 Qd8 25. Ne3 Bg5 26. Bc4 Nf4 27. Qf1 Bh6 28. Rd1 Bc8 29. Bxf7 Rf8 30. Bc4 Qh4 31. Nf5 Bxf5 32. Bxf4 Bxe4 33. Bg3 Qf6 34. Bd3 Ba8 35. Bc4 Bf4 36. Bxf4 exf4 37. Bd5 Bxd5 38. Rxd5 f3 39. gxf3 Qg6+ 40. Qg2 Qxc2 41. Rxd6 Qxb3 42. Rd7 Qc3 43. Qg5 h6 44. Qe7 Qf6 45. Qxf6 Rxf6 46. Rc7 Rf5 47. Kg2 Kh7 48. Kg3 Kg6 49. Rc6+ Kh5 50. f4 g5 51. fxg5 hxg5 1/2-1/2

[Event "26th Klatovy A 2018"]
[Site "Klatovy CZE"]
[Date "2018.07.02"]
[Round "3.23"]
[White "Hurdzan, Tomas"]
[Black "Smid, Pavel"]
[Result "1-0"]
[WhiteElo "2164"]
[BlackElo "1964"]
[PlyCount "93"]
[EventDate "2018.06.30"]
[EventType "swiss"]
[EventRounds "9"]
[EventCountry "CZE"]

1. e4 c5 2. Nf3 e6 3. d4 cxd4 4. Nxd4 Nc6 5. Nc3 a6 6. Be3 Qc7 7. Qf3 Nf6 8. O-O-O Be7 9. Be2 d6 10. Qg3 b5 11. Bxb5 Bd7 12. Bxc6 Bxc6 13. Nxc6 Qxc6 14. e5 dxe5 15. Qxe5 O-O 16. f3 Rab8 17. Rd3 Rfc8 18. Bd4 Rb5 19. Qe2 Rbb8 20. Rhd1 Qb7 21. b3 Rc6 22. g4 Rbc8 23. Kb1 Bb4 24. Bxf6 gxf6 25. Ne4 Kg7 26. Rd7 Qb6 27. c4 Ba3 28. Ka1 Qa5 29. Qd2 Qe5+ 30. Qd4 Qxd4+ 31. R1xd4 Rh8 32. Ng3 Bc5 33. Rd3 Bg1 34. Rd2 Rb8 35. h4 Bc5 36. Kb2 Rbb6 37. Ne4 Be3 38. R2d3 Bf4 39. Kc2 h6 40. Re7 Rc7 41. Rxc7 Bxc7 42. Rd7 Bf4 43. c5 Rc6 44. b4 f5 45. gxf5 exf5 46. Nd6 Kg6 47. Kd3 1-0